|
|
|
|
| LEADER |
01429nam a2200361 a 4500 |
| 001 |
12804630 |
| 008 |
111120s2002 enk b 001 0 eng |
| 010 |
|
|
|a 2002068034
|
| 020 |
|
|
|a 0415280192 (hbk)
|
| 020 |
|
|
|a 0415280206 (pbk)
|
| 040 |
|
|
|a DLC
|c DLC
|d DLC
|d BD-DhAAL
|
| 043 |
|
|
|a b------
|
| 050 |
0 |
0 |
|a PR9080
|b .A85 2002
|
| 082 |
0 |
0 |
|a 820.9/9171241
|2 21
|
| 100 |
1 |
|
|a Ashcroft, Bill,
|d 1946-
|
| 245 |
1 |
4 |
|a The empire writes back :
|b theory and practice in post-colonial literatures /
|c Bill Ashcroft, Gareth Griffiths, Helen Tiffin.
|
| 250 |
|
|
|a 2nd ed.
|
| 260 |
|
|
|a London ;
|a New York :
|b Routledge,
|c 2002.
|
| 300 |
|
|
|a x, 283 p. ;
|c 21 cm.
|
| 504 |
|
|
|a Includes bibliographical references (p. [246]-269) and index.
|
| 541 |
|
|
|e 00013738
|
| 650 |
|
0 |
|a Commonwealth literature (English)
|x History and criticism.
|
| 650 |
|
0 |
|a English literature
|y 20th century
|x History and criticism.
|
| 650 |
|
0 |
|a Postcolonialism
|z English-speaking countries.
|
| 650 |
|
0 |
|a Postcolonialism
|z Commonwealth countries.
|
| 650 |
|
0 |
|a Postcolonialism in literature.
|
| 650 |
|
0 |
|a Colonies in literature.
|
| 700 |
1 |
|
|a Griffiths, Gareth,
|d 1943-
|
| 700 |
1 |
|
|a Tiffin, Helen.
|
| 852 |
1 |
|
|a Ayesha Abed Library
|c General shelf.
|
| 942 |
0 |
0 |
|0 1
|
| 999 |
|
|
|c 11446
|d 11446
|
| 952 |
|
|
|0 0
|1 0
|2 ddc
|4 0
|6 820_991712410000000_ASH
|7 0
|9 18604
|a BRACUL
|b BRACUL
|c GEN
|d 2011-11-21
|l 9
|m 18
|o 820.99171241 ASH
|p 3010013738
|r 2020-01-12
|s 2019-02-07
|t 1
|w 2011-11-21
|y BK
|